Statistics for Most Common Words in Coldplay Song Titles

Click here to take the quiz!

General Stats

  • This quiz has been taken 23 times
  • The average score is 15 of 45

Answer Stats

NumberAnswer% Correct
13A
100%
7I
94%
19The
89%
5My
83%
7You
83%
4Love
72%
5And
67%
3For
67%
4To
67%
6In
61%
4Is
61%
15Of
56%
3Your
56%
2On
50%
3Like
44%
4Up
44%
3All
39%
4Life
33%
4World
28%
3Day
22%
3Don't
22%
2Full
22%
2Heart
22%
2Let
22%
2Lost
22%
2See
22%
3Head
17%
2With
17%
2Birds
11%
2Death
11%
2Music
11%
2One
11%
2Only
11%
2Rush
11%
2Trouble
11%
2Alien/aliens
6%
3Cry
6%
2Spheres
6%
2Technicolor
6%
2Feet
0%
4Friend/friends
0%
2God
0%
2Ground
0%
2Miracles
0%
2Sign
0%

Score Distribution

Percentile by Number Answered

Percent of People with Each Score

Your Score History

You have not taken this quiz